Tạp chí Khoa học Giáo dục Kỹ thuật Số 44B

Trong số này có bài nghiên cứu thực nghiệm việc thay thế môi chất R404A bằng môi chất R407F để tiết kiệm năng lượng và bảo vệ môi trường; Đề xuất thiết kế thử nghiệm hệ thống điều khiển ngắt xi lanh động cơ xăng; Mghieen cứu ứng...

Täydet tiedot

Tallennettuna:
Bibliografiset tiedot
Aineistotyyppi: Kirja
Kieli:Vietnamese
Julkaistu: Thành phố Hồ Chí Minh Trường Đại học Sư phạm kỹ thuật TP. HCM 2017
Aiheet:
Tagit: Lisää tagi
Ei tageja, Lisää ensimmäinen tagi!
Thư viện lưu trữ: Thư viện Trường Đại học Nam Cần Thơ
LEADER 01403nam a22002177a 4500
001 NCT_122676
008 220511b xxu||||| |||| 00| 0 vie d
999 |c 6281  |d 6281 
022 |a 1859-1272 
041 |a vie 
082 0 4 |2 23rd ed.  |a 378  |b T109C 
245 0 0 |a Tạp chí Khoa học Giáo dục Kỹ thuật  |n Số 44B  |c Trường Đại học Sư phạm kỹ thuật TP. HCM 
260 |a Thành phố Hồ Chí Minh  |b Trường Đại học Sư phạm kỹ thuật TP. HCM  |c 2017 
300 |c 29cm 
310 |a Hàng tháng 
362 |a 10/2017 
520 3 |a Trong số này có bài nghiên cứu thực nghiệm việc thay thế môi chất R404A bằng môi chất R407F để tiết kiệm năng lượng và bảo vệ môi trường; Đề xuất thiết kế thử nghiệm hệ thống điều khiển ngắt xi lanh động cơ xăng; Mghieen cứu ứng dụng cơ cấu H-BOT trong điều kiện máy in 3D reprap theo phương pháp FDM; Mô phỏng quá trình truyền nhiệt cấp đông cá ngừ trong tủ lạnh 3 sao;... 
655 |a Tạp chí 
942 |2 ddc  |c CR 
952 |0 0  |1 0  |2 ddc  |4 0  |6 378_000000000000000_T109C  |7 0  |9 23842  |a 000001  |b 000001  |d 2022-05-11  |o 378 T109C  |r 2022-05-11  |w 2022-05-11  |y CR 
980 |a Thư viện Trường Đại học Nam Cần Thơ